Foods and feeds / (Record no. 15078)
[ view plain ]
| 000 -LEADER | |
|---|---|
| fixed length control field | 00691pam a2200265 a 4500 |
| 020 ## - INTERNATIONAL STANDARD BOOK NUMBER | |
| ISBN | 082478491X (alk. paper) |
| 040 ## - CATALOGING SOURCE | |
| Transcribing agency | DLC |
| 082 00 - DEWEY DECIMAL CLASSIFICATION NUMBER | |
| Classification number | 576 DEK 1991 A062 Or. |
| 245 00 - TITLE STATEMENT | |
| Title | Foods and feeds / |
| 260 ## - PUBLICATION, DISTRIBUTION, ETC. (IMPRINT) | |
| Place of publication | New York, N.Y. : |
| Name of publisher | M. Dekker, |
| Year of publication | c1991. |
| 300 ## - PHYSICAL DESCRIPTION | |
| Number of Pages | x, 621 p. : |
| Other physical details | ill. ; |
| Dimensions | 26 cm. |
| 650 #0 - SUBJECT ADDED ENTRY--TOPICAL TERM | |
| Topical Term | Food |
| 650 #0 - SUBJECT ADDED ENTRY--TOPICAL TERM | |
| Topical Term | Feeds |
| 650 #0 - SUBJECT ADDED ENTRY--TOPICAL TERM | |
| Topical Term | Mycology. |
| 650 #2 - SUBJECT ADDED ENTRY--TOPICAL TERM | |
| Topical Term | Animal Feed. |
| 650 #2 - SUBJECT ADDED ENTRY--TOPICAL TERM | |
| Topical Term | Food Handling. |
| 650 #2 - SUBJECT ADDED ENTRY--TOPICAL TERM | |
| Topical Term | Food Microbiology. |
| 650 #2 - SUBJECT ADDED ENTRY--TOPICAL TERM | |
| Topical Term | Fungi. |
| 650 #2 - SUBJECT ADDED ENTRY--TOPICAL TERM | |
| Topical Term | Mycotoxins. |
| 700 1# - ADDED ENTRY--PERSONAL NAME | |
| Personal name | Arora, Dilip K. |
| 700 1# - ADDED ENTRY--PERSONAL NAME | |
| Personal name | Mukerji, K. G. |
| 700 1# - ADDED ENTRY--PERSONAL NAME | |
| Personal name | Marth, Elmer H. |
| 856 42 - ELECTRONIC LOCATION AND ACCESS | |
| Uniform Resource Identifier | http://www.loc.gov/catdir/enhancements/fy0648/91024965-d.html |
| 942 ## - ADDED ENTRY ELEMENTS (KOHA) | |
| Koha item type | សៀវភៅភាសាអង់គ្លេស |
| 952 ## - LOCATION AND ITEM INFORMATION (KOHA) | |
| Withdrawn status [LOCAL, KOHA] | 0 |
| Permanent Location | Date acquired | Koha item type | Lost status | Shelving location | Barcode | Current Location | Full call number |
|---|---|---|---|---|---|---|---|
| Library Block A | 2017-11-03 | សៀវភៅភាសាអង់គ្លេស | A062 | A07431 | Library Block A | 576 DEK 1991 A062 Or. |